00741cam a22002177a 4500003000500000005001700005008004100022010001000063011001000073020001500083035001000098040000900108082001400117100002000131245012900151260010400280300001100384650004100395650003800436710004900474CHAP20220817043436.0980507d1994 mx r 00110 spa d a75474 a76446 a9684962584 a86031 cCHAP04a631.7bG300aGayol, Roberto.10aDos problemas de vital importancia para México :bla colonización y el desarrollo de la irrigaciónc/por Roberto Gayol aMéxico, D. F. :bCentro de Investigaciones y Estudios Superiores en Antropología Social,c1994. a114 p.14aColonización agrícolaxMéxico.14aIrrigaciónxHistoriaxMéxico.0 aInstituto Mexicano de Tecnología del Agua.